000
00297nam a2200121Ia 4500
008
190216s9999||||xx |||||||||||||| ||und||
100
_a
Rajiv Mathur
245
0
_a
Dbase Iii Plus For Beginners
260
_b
Galgotia Publication Pvt Ltf
_c
1994
300
_a
590 p
650
_a
Computer
942
_c
BK
999
_c
8439
_d
8439